ბათუმის შოთა რუსთაველის სახელმწიფო უნივერსიტეტის ბიბლიოთეკა

მეცნიერება და ცხოვრება. N1(15) 2017 (ბიბ.ჩანაწერი № 53942)

000 -LEADER
fixed length control field 00773nam a2200181Ia 4500
001 - CONTROL NUMBER
control field 20993
003 - CONTROL NUMBER IDENTIFIER
control field GE_BSU
008 - FIXED-LENGTH DATA ELEMENTS--GENERAL INFORMATION
fixed length control field 181216s||||||||xx |||||||||||||| ||und||
040 ## - CATALOGING SOURCE
Transcribing agency GE_BSU
245 ## - TITLE STATEMENT
Title მეცნიერება და ცხოვრება. N1(15) 2017
245 ## - TITLE STATEMENT
Statement of responsibility, etc. ჟურნალის დამფუძნებელი დავით ჯანგულაშვილი. მთ. რედ. რევაზ ჯავახიშვილი
250 ## - EDITION STATEMENT
Edition statement თბილისის სასწავლო უნივერსიტეტი
260 ## - PUBLICATION, DISTRIBUTION, ETC.
Place of publication, distribution, etc. თბილისი
260 ## - PUBLICATION, DISTRIBUTION, ETC.
Date of publication, distribution, etc. 2017
300 ## - PHYSICAL DESCRIPTION
Extent 203 გვ. 29 სმ.
653 ## - INDEX TERM--UNCONTROLLED
Uncontrolled term მეცნიერება და ცხოვრება. N1(15) 2017
942 ## - ADDED ENTRY ELEMENTS (KOHA)
Koha item type პერიოდიკა
ეგზემპლარები
Withdrawn status Lost status Damaged status Not for loan Date acquired Barcode Date last seen Price effective from Koha item type Public note
        2018-12-17 p 78613 2018-12-17 2018-12-17 პერიოდიკა პერიოდიკა